| 000 | 01198nam0a22003011 4500 | ||
|---|---|---|---|
| 001 | rc\3142224 | ||
| 005 | 20250530083001.0 | ||
| 021 |
_aRU _b75-85980 |
||
| 021 |
_aRU _bРг15356-75 |
||
| 035 | _a(NLR Aleph) 007318948 | ||
| 090 |
_a5889091 _c5889091 |
||
| 100 | _a20120615d1975 |||y0rusy50 ca | ||
| 101 | 0 | _arus | |
| 102 | _aRU | ||
| 105 | _ay z |||a| | ||
| 200 | 1 |
_aАльпийская баллада _eПьеса в 2 ч. П. Хомского _fОтв. ред. С. Терентьева _gБюро распространения драм. произведений и информ.-рекламных материалов ВААП |
|
| 210 |
_aМосква _cБ. и. _d1975 |
||
| 215 |
_a63 с. _d28 |
||
| 225 | 1 | _aРепертуар Центрального детского театра | |
| 300 | _aПеред загл.: Василь Быков | ||
| 604 |
_150010$aАльпийская баллада _1700#1$aБыков$bВ.$f1924-$gВасиль |
||
| 700 | 1 |
_aХомский _bП.О. _f1925- _gПавел Осипович |
|
| 702 | 1 |
_aТерентьева _bС. _4340 |
|
| 801 | 0 |
_aRU _bNLR _gpsbo |
|
| 801 | 1 |
_aRU _bELAR _2rusmarc |
|
| 852 |
_aNLR _j75-8/1149 |
||
| 942 | _cBOOK | ||
| 980 | _aNB | ||